[Event "Olympiad-24"]
[Site "Valetta"]
[Date "1980.11.21"]
[Round "2"]
[White "Liberzon, Vladimir Mikhailovi"]
[Black "Hebert, Jean"]
[Result "1/2-1/2"]
[WhiteElo "2545"]
[BlackElo "2360"]
[PlyCount "126"]
[GameId "1114898236985344"]
[EventDate "1980.11.20"]
[EventType "team-swiss"]
[EventRounds "14"]
[EventCountry "MLT"]
[SourceTitle "EXT 2000"]
[Source "ChessBase"]
[SourceDate "1999.11.18"]
[SourceVersion "1"]
[SourceVersionDate "1999.11.18"]
[SourceQuality "1"]
[WhiteTeam "Israel"]
[BlackTeam "Canada"]
[WhiteTeamCountry "ISR"]
[BlackTeamCountry "CAN"]

1. e4 g6 2. d4 Bg7 3. Nf3 c6 4. h3 d5 5. e5 f6 6. Bf4 Nh6 7. Bd3 O-O 8. Qd2 Nf7 9. O-O c5 10. c3 Nc6 11. exf6 Bxf6 12. Be2 c4 13. Na3 a6 14. Nh2 Bf5 15. Ng4 Bg7 16. Nc2 Nd6 17. Nh6+ Kh8 18. Nxf5 gxf5 19. Rfe1 Qd7 20. Bf1 Rae8 21. f3 e6 22. Re3 Ne7 23. g3 Ng6 24. Bxd6 Qxd6 25. f4 Bh6 26. Qf2 Rg8 27. Kh1 Qb6 28. Ne1 e5 29. dxe5 Rxe5 30. Nc2 Re4 31. Bg2 Qxb2 32. Bxe4 dxe4 33. Qd2 Bg7 34. a4 Bf6 35. Rd1 Rd8 36. Nd4 Qa3 37. Qe1 Qxa4 38. Rd2 Bxd4 39. Rxd4 Rxd4 40. cxd4 Ne7 41. g4 Nd5 42. Rg3 Qb4 43. Qg1 b5 44. gxf5 Qf8 45. f6 c3 46. Rg5 Nxf6 47. Rc5 b4 48. d5 Nd7 49. Rc7 Qf5 50. Qd4+ Kg8 51. Qxb4 Qxh3+ 52. Kg1 Qg3+ 53. Kh1 Qf3+ 54. Kg1 Qg4+ 55. Kh1 Qh3+ 56. Kg1 Qg4+ 57. Kh1 Qd1+ 58. Kh2 Qe2+ 59. Kg1 Qe3+ 60. Kg2 Qf3+ 61. Kg1 e3 62. Qd6 Qg4+ 63. Kf1 Qf3+ 1/2-1/2

[Event "Olympiad-24"]
[Site "Valetta"]
[Date "1980.11.25"]
[Round "5"]
[White "Ravisekhar, Raja"]
[Black "Hebert, Jean"]
[Result "1/2-1/2"]
[WhiteElo "2325"]
[BlackElo "2360"]
[PlyCount "66"]
[GameId "1114898238992384"]
[EventDate "1980.11.20"]
[EventType "team-swiss"]
[EventRounds "14"]
[EventCountry "MLT"]
[SourceTitle "EXT 2000"]
[Source "ChessBase"]
[SourceDate "1999.11.18"]
[SourceVersion "1"]
[SourceVersionDate "1999.11.18"]
[SourceQuality "1"]
[WhiteTeam "India"]
[BlackTeam "Canada"]
[WhiteTeamCountry "IND"]
[BlackTeamCountry "CAN"]

1. d4 Nf6 2. c4 c5 3. d5 e6 4. Nc3 exd5 5. cxd5 d6 6. Nf3 g6 7. g3 Bg7 8. Bg2 O-O 9. O-O a6 10. a4 Re8 11. Nd2 Nbd7 12. h3 Rb8 13. Nc4 Nb6 14. Na3 Bd7 15. a5 Nc8 16. Nc4 Bb5 17. Qb3 Na7 18. Re1 Qd7 19. Bd2 Bxc4 20. Qxc4 Nb5 21. e3 Re7 22. Rec1 Rbe8 23. b4 cxb4 24. Qxb4 Nxc3 25. Bxc3 Ne4 26. Bxg7 Kxg7 27. Bxe4 Rxe4 28. Qc3+ Kg8 29. Kg2 Qb5 30. Rd1 Rb4 31. Qc7 Qc5 32. Rac1 Qxc7 33. Rxc7 Rd8 1/2-1/2

[Event "Olympiad-24"]
[Site "Valetta"]
[Date "1980.11.26"]
[Round "6"]
[White "Hebert, Jean"]
[Black "Diez del Corral, Jesus"]
[Result "1-0"]
[WhiteElo "2360"]
[BlackElo "2485"]
[PlyCount "97"]
[GameId "1114898239643648"]
[EventDate "1980.11.20"]
[EventType "team-swiss"]
[EventRounds "14"]
[EventCountry "MLT"]
[SourceTitle "EXT 2000"]
[Source "ChessBase"]
[SourceDate "1999.11.18"]
[SourceVersion "1"]
[SourceVersionDate "1999.11.18"]
[SourceQuality "1"]
[WhiteTeam "Canada"]
[BlackTeam "Spain"]
[WhiteTeamCountry "CAN"]
[BlackTeamCountry "ESP"]

1. g3 c5 2. Bg2 Nc6 3. f4 g6 4. d3 Bg7 5. e4 d6 6. Nf3 e6 7. c3 Nge7 8. Be3 b6 9. O-O O-O 10. a4 f6 11. Na3 d5 12. exd5 exd5 13. d4 c4 14. Nd2 Be6 15. Re1 Qd7 16. Bf2 Bg4 17. Bf3 h5 18. Nc2 Bxf3 19. Qxf3 Rfe8 20. Ne3 Rad8 21. f5 Nxf5 22. Nxf5 Rxe1+ 23. Rxe1 Qxf5 24. Qxf5 gxf5 25. Re6 Nb8 26. Nf3 Kf7 27. Re1 Re8 28. Be3 f4 29. Bxf4 Rxe1+ 30. Nxe1 Nc6 31. Kf2 a6 32. Ng2 b5 33. axb5 axb5 34. Be3 Ne7 35. Nf4 h4 36. gxh4 Bh6 37. Ng2 Bf8 38. h5 Nc8 39. Nf4 Nb6 40. Kf3 b4 41. Ng6 b3 42. Nxf8 Kxf8 43. Kg4 Nc8 44. Bf4 Kf7 45. h6 Ne7 46. Bd6 Ng6 47. h4 Ke6 48. h5 Nh8 49. Bf8 1-0

[Event "Olympiad-24"]
[Site "Valetta"]
[Date "1980.11.27"]
[Round "7"]
[White "Westerinen, Heikki MJ"]
[Black "Hebert, Jean"]
[Result "1-0"]
[WhiteElo "2470"]
[BlackElo "2360"]
[PlyCount "159"]
[GameId "1114898240327680"]
[EventDate "1980.11.20"]
[EventType "team-swiss"]
[EventRounds "14"]
[EventCountry "MLT"]
[SourceTitle "EXT 2000"]
[Source "ChessBase"]
[SourceDate "1999.11.18"]
[SourceVersion "1"]
[SourceVersionDate "1999.11.18"]
[SourceQuality "1"]
[WhiteTeam "Finland"]
[BlackTeam "Canada"]
[WhiteTeamCountry "FIN"]
[BlackTeamCountry "CAN"]

1. e4 g6 2. d4 Bg7 3. c3 d6 4. Bg5 h6 5. Bh4 Nf6 6. Nd2 c5 7. dxc5 dxc5 8. Ngf3 O-O 9. Bc4 Nc6 10. Qc2 Na5 11. Be2 Nh5 12. Bg3 Nxg3 13. hxg3 a6 14. Nh4 b5 15. f4 c4 16. e5 Qb6 17. Ndf3 b4 18. Nd4 bxc3 19. bxc3 Rb8 20. O-O Qc5 21. Kh2 e6 22. Nhf3 Bb7 23. Rab1 Rfc8 24. Nd2 Nc6 25. Nxc6 Qxc6 26. Bf3 Qc7 27. Bxb7 Rxb7 28. Qa4 g5 29. Ne4 Rxb1 30. Rxb1 gxf4 31. gxf4 Qe7 32. Qxa6 Qh4+ 33. Kg1 Rd8 34. Qxc4 Kh8 35. Rf1 Qg4 36. Nd6 Kh7 37. Qe4+ Kg8 38. Qb7 Rf8 39. Qf3 Qxf3 40. Rxf3 Ra8 41. Rf2 f6 42. exf6 Bxf6 43. Rc2 Ra6 44. Ne4 Bd8 45. Kf2 h5 46. Kf3 Kf7 47. Nc5 Ra3 48. Nb3 Kf6 49. Ke4 Ra4+ 50. Nd4 h4 51. c4 Bb6 52. Nb5 Bc5 53. Kd3 Ra6 54. Re2 Bg1 55. Kc3 Bh2 56. Kb4 Bxf4 57. c5 Bg3 58. a4 Bh2 59. Nc3 Bg1 60. Kb5 Ra8 61. Ne4+ Ke5 62. Ng5+ Kd5 63. Rd2+ Bd4 64. Nxe6 Rb8+ 65. Ka5 Kxe6 66. Rxd4 Rb2 67. Rxh4 Kd5 68. Rh5+ Kc6 69. g4 Rb7 70. Rf5 Re7 71. g5 Re4 72. Rf8 Rg4 73. Rc8+ Kb7 74. Rg8 Kc6 75. g6 Rg5 76. Kb4 Rg4+ 77. Kc3 Kxc5 78. g7 Rg3+ 79. Kd2 Kb4 80. Rb8+ 1-0

[Event "Olympiad-24"]
[Site "Valetta"]
[Date "1980.11.29"]
[Round "9"]
[White "Pfleger, Helmut"]
[Black "Hebert, Jean"]
[Result "1/2-1/2"]
[WhiteElo "2525"]
[BlackElo "2360"]
[PlyCount "106"]
[GameId "1114898241662976"]
[EventDate "1980.11.20"]
[EventType "team-swiss"]
[EventRounds "14"]
[EventCountry "MLT"]
[SourceTitle "EXT 2000"]
[Source "ChessBase"]
[SourceDate "1999.11.18"]
[SourceVersion "1"]
[SourceVersionDate "1999.11.18"]
[SourceQuality "1"]
[WhiteTeam "Germany"]
[BlackTeam "Canada"]
[WhiteTeamCountry "GER"]
[BlackTeamCountry "CAN"]

1. Nf3 g6 2. d4 f5 3. c4 Nf6 4. Nc3 Bg7 5. g3 d6 6. Bg2 O-O 7. O-O c6 8. d5 Qb6 9. Qc2 Qa6 10. b3 cxd5 11. cxd5 Nbd7 12. Bb2 Nh5 13. e3 Ne5 14. Nxe5 Bxe5 15. Rfc1 Bd7 16. Bf1 Qb6 17. Na4 Bxa4 18. Bxe5 dxe5 19. bxa4 Rac8 20. Qxc8 Rxc8 21. Rxc8+ Kf7 22. Rac1 f4 23. exf4 exf4 24. Bc4 Kg7 25. Re1 fxg3 26. Rxe7+ Kh6 27. hxg3 Nxg3 28. Rh8 Kg5 29. Rhxh7 Qd4 30. Bb3 Nf5 31. Re6 Qg4+ 32. Kf1 Qf3 33. Rh2 Qd3+ 34. Kg1 Nh4 35. Rh1 Qb1+ 36. Kh2 Qf5 37. Rg1+ Kh6 38. Rg3 Qxf2+ 39. Kh3 Qf5+ 40. Kh2 Nf3+ 41. Kh1 Ne5 42. Kg2 Qe4+ 43. Kg1 Qe1+ 44. Kg2 Qe2+ 45. Kh3 Qf1+ 46. Rg2 Qf5+ 47. Kh2 Ng4+ 48. Kg3 Nf6 49. Kh2 Qf4+ 50. Kg1 Ng4 51. Rge2 Qg3+ 52. Rg2 Qf4 53. Rge2 Qg3+ 1/2-1/2

[Event "Olympiad-24"]
[Site "Valetta"]
[Date "1980.12.02"]
[Round "11"]
[White "Swanson, Stephen"]
[Black "Hebert, Jean"]
[Result "1/2-1/2"]
[WhiteElo "2245"]
[BlackElo "2360"]
[PlyCount "93"]
[GameId "1114898242981888"]
[EventDate "1980.11.20"]
[EventType "team-swiss"]
[EventRounds "14"]
[EventCountry "MLT"]
[SourceTitle "EXT 2000"]
[Source "ChessBase"]
[SourceDate "1999.11.18"]
[SourceVersion "1"]
[SourceVersionDate "1999.11.18"]
[SourceQuality "1"]
[WhiteTeam "Scotland"]
[BlackTeam "Canada"]
[WhiteTeamCountry "SCO"]
[BlackTeamCountry "CAN"]

1. e4 g6 2. d4 Bg7 3. Nf3 d6 4. Nc3 c6 5. Be2 Nh6 6. O-O O-O 7. h3 Kh8 8. Re1 Nd7 9. a4 e5 10. dxe5 dxe5 11. a5 f6 12. b4 a6 13. Be3 f5 14. Na4 fxe4 15. Ng5 Qe7 16. Nxe4 Nf5 17. Bg5 Qxb4 18. Bg4 Qc4 19. c3 Qe6 20. Qb1 Rb8 21. Rd1 Qe8 22. Ra2 Nf6 23. Nac5 Nxe4 24. Qxe4 Be6 25. c4 h5 26. Bxf5 Bxf5 27. Qh4 Qf7 28. Rad2 Kg8 29. g4 Be6 30. gxh5 gxh5 31. Nd7 Bxd7 32. Rxd7 Qg6 33. R1d6 Qf5 34. f4 Rf7 35. Rd8+ Rxd8 36. Rxd8+ Rf8 37. Rxf8+ Kxf8 38. Qxh5 Qb1+ 39. Kf2 Qa2+ 40. Qe2 Qxa5 41. f5 Qc5+ 42. Kg2 Qd6 43. Qh5 e4 44. Qh4 Kf7 45. Qh5+ Kf8 46. Qh4 Kf7 47. Qh5+ 1/2-1/2

[Event "Olympiad-24"]
[Site "Valetta"]
[Date "1980.12.03"]
[Round "12"]
[White "Garcia, Gildardo"]
[Black "Hebert, Jean"]
[Result "1/2-1/2"]
[WhiteElo "2440"]
[BlackElo "2360"]
[PlyCount "117"]
[GameId "1114898243641344"]
[EventDate "1980.11.20"]
[EventType "team-swiss"]
[EventRounds "14"]
[EventCountry "MLT"]
[SourceTitle "EXT 2000"]
[Source "ChessBase"]
[SourceDate "1999.11.18"]
[SourceVersion "1"]
[SourceVersionDate "1999.11.18"]
[SourceQuality "1"]
[WhiteTeam "Columbia"]
[BlackTeam "Canada"]
[WhiteTeamCountry "COL"]
[BlackTeamCountry "CAN"]

1. e4 c6 2. d4 d5 3. Nc3 dxe4 4. Nxe4 Nf6 5. Nxf6+ gxf6 6. Bc4 Bf5 7. Nf3 e6 8. O-O Qc7 9. Nh4 Bg6 10. f4 f5 11. Qe1 Bg7 12. Be3 Nd7 13. Nf3 O-O 14. Ne5 Nf6 15. Kh1 Rfe8 16. Bb3 Ne4 17. c3 Rad8 18. Bc2 f6 19. Nd3 Bf8 20. Qh4 Qg7 21. Rac1 Kh8 22. Nf2 Nd6 23. Bb3 Bf7 24. Rc2 Qh6 25. Qxh6 Bxh6 26. Re2 Nb5 27. Rfe1 Nc7 28. h3 Nd5 29. Nd3 b6 30. Ba4 b5 31. Bb3 Bf8 32. Bd2 Bd6 33. a4 a6 34. c4 bxc4 35. Bxc4 a5 36. b3 Ra8 37. g3 Red8 38. Kh2 Kg7 39. Nc5 Bxc5 40. dxc5 Ra7 41. Kg2 Nb4 42. Bxb4 axb4 43. Bxe6 Ra5 44. Bxf7 Kxf7 45. Re7+ Kg6 46. h4 Rxc5 47. h5+ Kxh5 48. Rxh7+ Kg6 49. Ree7 Rc2+ 50. Kh3 Rg8 51. Rc7 c5 52. g4 c4 53. gxf5+ Kxf5 54. Rxc4 Rxc4 55. bxc4 Kxf4 56. c5 b3 57. Rb7 Rg3+ 58. Kh2 Rc3 59. c6 1/2-1/2

[Event "Olympiad-24"]
[Site "Valetta"]
[Date "1980.12.06"]
[Round "14"]
[White "Quinteros, Miguel Angel"]
[Black "Hebert, Jean"]
[Result "1-0"]
[WhiteElo "2515"]
[BlackElo "2360"]
[PlyCount "51"]
[GameId "1114898244849664"]
[EventDate "1980.11.20"]
[EventType "team-swiss"]
[EventRounds "14"]
[EventCountry "MLT"]
[SourceTitle "EXT 2000"]
[Source "ChessBase"]
[SourceDate "1999.11.18"]
[SourceVersion "1"]
[SourceVersionDate "1999.11.18"]
[SourceQuality "1"]
[WhiteTeam "Argentina"]
[BlackTeam "Canada"]
[WhiteTeamCountry "ARG"]
[BlackTeamCountry "CAN"]

1. Nf3 g6 2. d4 Bg7 3. e4 d6 4. Bc4 e6 5. Bb3 Ne7 6. c3 Nd7 7. Be3 O-O 8. Nbd2 b6 9. h4 h6 10. Nf1 Nf6 11. Ng3 Ng4 12. Bd2 e5 13. dxe5 dxe5 14. h5 g5 15. Qe2 Qd6 16. Rd1 Qf6 17. O-O Be6 18. Bc2 a5 19. Ne1 Rfd8 20. f3 Rxd2 21. Rxd2 Qf4 22. fxg4 Qxg3 23. Bd1 Qh4 24. Qf3 Bc4 25. Be2 Bxa2 26. Rf2 1-0

[Event "Lone Pine op Louis D. Statham Masters"]
[Site "Lone Pine"]
[Date "1981.03.29"]
[Round "1"]
[White "Dzindzichashvili, Roman"]
[Black "Hebert, Jean"]
[Result "0-1"]
[WhiteElo "2490"]
[BlackElo "2405"]
[PlyCount "70"]
[GameId "1060310752092160"]
[EventDate "1981.03.29"]
[EventType "swiss"]
[EventRounds "9"]
[EventCountry "USA"]
[SourceTitle "EXT 2018"]
[Source "ChessBase"]
[SourceDate "2017.10.13"]
[SourceVersion "1"]
[SourceVersionDate "2017.10.13"]
[SourceQuality "1"]

1. d4 Nf6 2. Nf3 g6 3. c4 Bg7 4. Nc3 O-O 5. e4 d6 6. h3 e5 7. d5 Nh5 8. Be3 f5 9. exf5 gxf5 10. Nxe5 Qe8 11. Nd3 f4 12. Be2 fxe3 13. Bxh5 exf2+ 14. Kf1 Qe7 15. Bf3 Qh4 16. Ne4 Bf5 17. Nexf2 Na6 18. Qd2 Qxc4 19. Kg1 Qd4 20. Rd1 Bxd3 21. Qxd3 Qxb2 22. Qd2 Qxd2 23. Rxd2 Nc5 24. h4 Rae8 25. Kh2 Re3 26. h5 Be5+ 27. Kh3 Rf5 28. Kg4 Rf4+ 29. Kh3 Ra4 30. Rc2 Rc3 31. Rhc1 Rca3 32. Ng4 b6 33. Rd1 Kf8 34. Rdd2 Ne4 35. Nxe5 Nxd2 0-1

[Event "Lone Pine op Louis D. Statham Masters"]
[Site "Lone Pine"]
[Date "1981.03.30"]
[Round "2"]
[White "Hebert, Jean"]
[Black "Gligoric, Svetozar"]
[Result "1/2-1/2"]
[WhiteElo "2405"]
[BlackElo "2530"]
[PlyCount "91"]
[GameId "1060310752260096"]
[EventDate "1981.03.29"]
[EventType "swiss"]
[EventRounds "9"]
[EventCountry "USA"]
[SourceTitle "EXT 2018"]
[Source "ChessBase"]
[SourceDate "2017.10.13"]
[SourceVersion "1"]
[SourceVersionDate "2017.10.13"]
[SourceQuality "1"]

1. g3 d5 2. Bg2 Nf6 3. d3 e5 4. c4 Be7 5. cxd5 Nxd5 6. Nc3 Nb6 7. a4 a5 8. Be3 O-O 9. Rc1 Nc6 10. Nf3 f5 11. Qb3+ Kh8 12. O-O f4 13. Bxb6 cxb6 14. Nb5 Bc5 15. Nd2 Bg4 16. Qd1 Qd7 17. Ne4 Bb4 18. Nd2 Rae8 19. Nf3 Bc5 20. Kh1 Rf6 21. Nc3 Rh6 22. Ne4 Bxf3 23. exf3 Bd4 24. Qb3 Rf8 25. h4 Qd8 26. Bh3 Qe7 27. Kg2 Nb4 28. Ng5 Bc5 29. Rce1 Rd6 30. Ne6 fxg3 31. fxg3 Rxd3 32. Qc4 Rd2+ 33. Re2 Rxe2+ 34. Qxe2 Re8 35. Qxe5 Nc6 36. Qe4 Qf6 37. Qd5 Qxb2+ 38. Kh1 Qe5 39. Qd7 Rb8 40. Ng5 Qxg3 41. Nf7+ Kg8 42. Qe6 Qg6 43. Nh6+ Kh8 44. Nf7+ Kg8 45. Nh6+ Kh8 46. Nf7+ 1/2-1/2

[Event "Lone Pine op Louis D. Statham Masters"]
[Site "Lone Pine"]
[Date "1981.04.01"]
[Round "4"]
[White "Hebert, Jean"]
[Black "Shamkovich, Leonid Alexandrovic"]
[Result "0-1"]
[WhiteElo "2405"]
[BlackElo "2495"]
[PlyCount "90"]
[GameId "1060310752489472"]
[EventDate "1981.03.29"]
[EventType "swiss"]
[EventRounds "9"]
[EventCountry "USA"]
[SourceTitle "EXT 2018"]
[Source "ChessBase"]
[SourceDate "2017.10.13"]
[SourceVersion "1"]
[SourceVersionDate "2017.10.13"]
[SourceQuality "1"]

1. e4 c5 2. Nf3 Nc6 3. d4 cxd4 4. Nxd4 e6 5. Nb5 d6 6. c4 Nf6 7. N1c3 a6 8. Na3 b6 9. Be2 Bb7 10. O-O Be7 11. f4 O-O 12. Be3 Nb8 13. Bf3 Nbd7 14. Qe2 Rc8 15. g4 Nc5 16. Qg2 Ne8 17. g5 f5 18. exf5 Bxf3 19. Rxf3 Rxf5 20. Qe2 Nc7 21. h4 d5 22. Rd1 Qf8 23. Nc2 dxc4 24. Qxc4 b5 25. Qe2 e5 26. Rdf1 e4 27. Rg3 N7e6 28. Rg4 Nd3 29. Qd2 Ne5 30. Rg3 Nf3+ 31. Rgxf3 exf3 32. Rxf3 Rd8 33. Qf2 Bc5 34. Bxc5 Qxc5 35. Ne3 Nd4 36. Rg3 Rf7 37. g6 hxg6 38. Rxg6 Nf5 39. Ng4 Qxf2+ 40. Kxf2 Rd2+ 41. Ke1 Rxb2 42. Nd5 Rxa2 43. Ne5 Rf8 44. Rg5 Kh7 45. Rh5+ Nh6 0-1

[Event "Lone Pine op Louis D. Statham Masters"]
[Site "Lone Pine"]
[Date "1981.04.02"]
[Round "5"]
[White "Campora, Daniel Hugo"]
[Black "Hebert, Jean"]
[Result "1-0"]
[WhiteElo "2455"]
[BlackElo "2405"]
[PlyCount "111"]
[GameId "1060310752645120"]
[EventDate "1981.03.29"]
[EventType "swiss"]
[EventRounds "9"]
[EventCountry "USA"]
[SourceTitle "EXT 2018"]
[Source "ChessBase"]
[SourceDate "2017.10.13"]
[SourceVersion "1"]
[SourceVersionDate "2017.10.13"]
[SourceQuality "1"]

1. e4 e6 2. d4 d5 3. e5 c5 4. c3 Nc6 5. Nf3 Qb6 6. a3 c4 7. g3 Bd7 8. Bg2 O-O-O 9. O-O f6 10. Re1 fxe5 11. Nxe5 Nxe5 12. Rxe5 Bd6 13. Re1 h5 14. h4 Nf6 15. Nd2 Ng4 16. Nf1 Rdf8 17. Re2 Qc7 18. Bg5 Rf7 19. Qd2 Rhf8 20. f4 Nf6 21. Nh2 Qc6 22. Rae1 Ne4 23. Bxe4 dxe4 24. Qe3 Rf5 25. Qxe4 Qxe4 26. Rxe4 Rb5 27. R1e2 Rff5 28. Nf1 Rb3 29. Ne3 b5 30. Nxf5 exf5 31. R4e3 a5 32. Be7 Kc7 33. Kf2 Kc6 34. Bxd6 Kxd6 35. Re7 b4 36. cxb4 axb4 37. axb4 Bc6 38. R7e6+ Kd7 39. R6e3 Rxb4 40. Re5 Be4 41. Ra5 Rb3 42. Ra3 Rb7 43. Rxe4 fxe4 44. Ke3 Rxb2 45. Kxe4 Kc6 46. Ra5 Re2+ 47. Kf3 Rd2 48. Rc5+ Kd6 49. Rxc4 Rd3+ 50. Ke4 Rxg3 51. Rc5 g6 52. Rg5 Rg4 53. Rxg4 hxg4 54. f5 gxf5+ 55. Kf4 Kd5 56. h5 1-0

[Event "Lone Pine op Louis D. Statham Masters"]
[Site "Lone Pine"]
[Date "1981.04.05"]
[Round "6"]
[White "Hebert, Jean"]
[Black "Davies, Nigel Rodney"]
[Result "0-1"]
[WhiteElo "2405"]
[BlackElo "2360"]
[PlyCount "64"]
[GameId "1060310752776192"]
[EventDate "1981.03.29"]
[EventType "swiss"]
[EventRounds "9"]
[EventCountry "USA"]
[SourceTitle "EXT 2018"]
[Source "ChessBase"]
[SourceDate "2017.10.13"]
[SourceVersion "1"]
[SourceVersionDate "2017.10.13"]
[SourceQuality "1"]

1. e4 c6 2. f4 d5 3. e5 c5 4. Nf3 Nc6 5. d3 Bg4 6. h3 Bxf3 7. Qxf3 e6 8. c3 f6 9. exf6 Nxf6 10. g4 Bd6 11. Bg2 O-O 12. O-O Ne8 13. Na3 Nc7 14. Bd2 Qd7 15. Rae1 Rf7 16. c4 Raf8 17. cxd5 Nd4 18. Qd1 Bxf4 19. Bxf4 Rxf4 20. Rxf4 Rxf4 21. dxe6 Ncxe6 22. Nc4 Qd8 23. Re3 b5 24. Ne5 Qg5 25. Re1 Rf8 26. Re4 Nf4 27. Qe1 Qd8 28. Bf1 Qd5 29. Qa5 Ng6 30. Nxg6 Nf3+ 31. Kg2 hxg6 32. Qxb5 Qd6 0-1

[Event "Lone Pine op Louis D. Statham Masters"]
[Site "Lone Pine"]
[Date "1981.04.07"]
[Round "8"]
[White "Gurevich, Dmitry"]
[Black "Hebert, Jean"]
[Result "1/2-1/2"]
[WhiteElo "2425"]
[BlackElo "2405"]
[PlyCount "38"]
[GameId "1060310752948224"]
[EventDate "1981.03.29"]
[EventType "swiss"]
[EventRounds "9"]
[EventCountry "USA"]
[SourceTitle "EXT 2018"]
[Source "ChessBase"]
[SourceDate "2017.10.13"]
[SourceVersion "1"]
[SourceVersionDate "2017.10.13"]
[SourceQuality "1"]

1. e4 c5 2. Nf3 d6 3. d4 cxd4 4. Nxd4 Nf6 5. Nc3 e6 6. Bc4 a6 7. Bb3 Be7 8. f4 Nc6 9. Be3 O-O 10. Qe2 Qc7 11. f5 exf5 12. exf5 d5 13. O-O-O Bc5 14. Qf3 Bxd4 15. Bxd4 Nxd4 16. Rxd4 Qe5 17. Qd3 Bxf5 18. Qd2 Be6 19. Nxd5 Nxd5 1/2-1/2

[Event "Lone Pine op Louis D. Statham Masters"]
[Site "Lone Pine"]
[Date "1981.04.08"]
[Round "9"]
[White "Hebert, Jean"]
[Black "Bradford, Joseph M"]
[Result "1/2-1/2"]
[WhiteElo "2405"]
[BlackElo "2385"]
[PlyCount "62"]
[GameId "1060310753132544"]
[EventDate "1981.03.29"]
[EventType "swiss"]
[EventRounds "9"]
[EventCountry "USA"]
[SourceTitle "EXT 2018"]
[Source "ChessBase"]
[SourceDate "2017.10.13"]
[SourceVersion "1"]
[SourceVersionDate "2017.10.13"]
[SourceQuality "1"]

1. d4 Nf6 2. c4 c5 3. d5 b5 4. cxb5 a6 5. e3 d6 6. Nc3 g6 7. Nf3 Bg7 8. a4 O-O 9. h3 Nbd7 10. bxa6 Qa5 11. Nd2 Bxa6 12. Bxa6 Qxa6 13. Qe2 Rfb8 14. Ra3 Rb4 15. a5 Ne8 16. Qxa6 Rxa6 17. Kd1 Nc7 18. Kc2 Nf6 19. e4 Nb5 20. Nxb5 Rxb5 21. f3 Rbxa5 22. Nc4 Ra4 23. b3 Rxa3 24. Bxa3 Nh5 25. Rd1 Nf4 26. Rd2 Bd4 27. h4 f6 28. g3 Nh5 29. Rg2 Kf7 30. Bb2 Bxb2 31. Kxb2 Ra7 1/2-1/2

[Event "Olympiad-25"]
[Site "Luzern"]
[Date "1982.11.01"]
[Round "3"]
[White "Hebert, Jean"]
[Black "Partos, Charles"]
[Result "1/2-1/2"]
[WhiteElo "2425"]
[BlackElo "2405"]
[PlyCount "120"]
[GameId "1114898401931264"]
[EventDate "1982.10.30"]
[EventType "team-swiss"]
[EventRounds "14"]
[EventCountry "SUI"]
[SourceTitle "EXT 1997"]
[Source "ChessBase"]
[SourceDate "1996.11.15"]
[SourceVersion "1"]
[SourceVersionDate "1996.11.15"]
[SourceQuality "1"]
[WhiteTeam "Canada"]
[BlackTeam "Switzerland"]
[WhiteTeamCountry "CAN"]
[BlackTeamCountry "SUI"]

1. g3 c5 2. Bg2 Nc6 3. e4 g6 4. d3 Bg7 5. f4 d6 6. Nc3 e5 7. Nh3 Nge7 8. O-O exf4 9. Bxf4 O-O 10. Qd2 Ne5 11. Bh6 f6 12. Bxg7 Kxg7 13. Nf4 g5 14. Nfd5 Nxd5 15. Nxd5 Be6 16. Ne3 Qb6 17. b3 Rf7 18. c3 Ng4 19. Nc2 Rd8 20. h3 Ne5 21. Ne3 Nc6 22. Rf2 h6 23. Raf1 a5 24. Nd5 Bxd5 25. exd5 Ne5 26. Be4 Re8 27. Bf5 Qd8 28. Be6 Rff8 29. h4 g4 30. Kg2 Nf3 31. Qf4 f5 32. Rxf3 gxf3+ 33. Rxf3 Rf6 34. Qc4 Ref8 35. Rf4 h5 36. d4 b6 37. dxc5 dxc5 38. Qe2 Kh6 39. Qe3 Kg7 40. Rf3 Qe8 41. c4 Qg6 42. Qe5 Kh6 43. Qf4+ Kh7 44. Re3 Kh8 45. Re5 Kh7 46. Qg5 Kg7 47. d6 f4 48. d7 fxg3 49. Bf5 Qxg5 50. hxg5 Rd6 51. Kxg3 Rxf5 52. Rxf5 Rxd7 53. Rd5 Re7 54. Rd6 Re2 55. Rxb6 Rxa2 56. Rb5 a4 57. bxa4 Rxa4 58. Rxc5 Ra1 59. Rc6 Rg1+ 60. Kf4 Rf1+ 1/2-1/2

[Event "Olympiad-25"]
[Site "Luzern"]
[Date "1982.11.02"]
[Round "4"]
[White "Hebert, Jean"]
[Black "Fedder, Steen"]
[Result "1-0"]
[WhiteElo "2425"]
[BlackElo "2420"]
[PlyCount "41"]
[GameId "1114898402578432"]
[EventDate "1982.10.30"]
[EventType "team-swiss"]
[EventRounds "14"]
[EventCountry "SUI"]
[SourceTitle "EXT 1997"]
[Source "ChessBase"]
[SourceDate "1996.11.15"]
[SourceVersion "1"]
[SourceVersionDate "1996.11.15"]
[SourceQuality "1"]
[WhiteTeam "Canada"]
[BlackTeam "Denmark"]
[WhiteTeamCountry "CAN"]
[BlackTeamCountry "DEN"]

1. Nf3 Nf6 2. g3 d5 3. Bg2 c6 4. O-O Bf5 5. d3 e6 6. b3 h6 7. Bb2 Bc5 8. Nbd2 O-O 9. a3 a5 10. Qe1 Na6 11. e4 Bh7 12. Qe2 Re8 13. Kh1 b5 14. Ne5 Qb6 15. f4 Rad8 16. Rae1 Nb8 17. g4 Nfd7 18. Nef3 dxe4 19. Nxe4 Nf8 20. g5 Ng6 21. gxh6 1-0

[Event "Olympiad-25"]
[Site "Luzern"]
[Date "1982.11.04"]
[Round "5"]
[White "Hebert, Jean"]
[Black "Condie, Mark L"]
[Result "1-0"]
[WhiteElo "2425"]
[BlackElo "2310"]
[PlyCount "115"]
[GameId "1114898403282944"]
[EventDate "1982.10.30"]
[EventType "team-swiss"]
[EventRounds "14"]
[EventCountry "SUI"]
[SourceTitle "EXT 1997"]
[Source "ChessBase"]
[SourceDate "1996.11.15"]
[SourceVersion "1"]
[SourceVersionDate "1996.11.15"]
[SourceQuality "1"]
[WhiteTeam "Canada"]
[BlackTeam "Scotland"]
[WhiteTeamCountry "CAN"]
[BlackTeamCountry "SCO"]

1. g3 Nf6 2. Bg2 e5 3. d3 d5 4. Nd2 Nc6 5. c3 a5 6. Nh3 Bc5 7. O-O h6 8. Kh1 O-O 9. e3 Bg4 10. Qc2 Qd7 11. Ng1 Rfe8 12. a4 Rad8 13. Nb3 Bf8 14. f3 Bf5 15. Bd2 b6 16. Rad1 Nb8 17. Nc1 c5 18. e4 Be6 19. Nge2 Qc8 20. Be3 Nc6 21. Bg1 Qc7 22. b3 Bc8 23. Qb1 dxe4 24. fxe4 Ba6 25. c4 Nb4 26. Nc3 Rd6 27. h3 Red8 28. g4 Qd7 29. Bh2 Nxd3 30. Nxd3 Rxd3 31. Bxe5 Ne8 32. Rxd3 Qxd3 33. Nd5 Qxb1 34. Rxb1 Rd7 35. Bc3 Bd6 36. e5 Bc7 37. Re1 Bd8 38. Be4 Bb7 39. Kh2 g6 40. e6 fxe6 41. Bxg6 Ng7 42. Nf6+ Bxf6 43. Bxf6 h5 44. Kg3 hxg4 45. hxg4 Rd6 46. Be5 Rd2 47. Bxg7 Kxg7 48. Rxe6 Rg2+ 49. Kh3 Bf3 50. Rxb6 Rb2 51. Kh4 Be2 52. Be4 Bd1 53. Rb5 Rxb3 54. Rxa5 Rb4 55. Rxc5 Rxa4 56. Kg5 Ra7 57. Bf5 Bb3 58. Rc6 1-0